Обезвреживание и утилизация нефтешламов, образующихся при хранении и транспортировке нефти и нефтепродуктов; Творчество юных - шаг в успешное будущее

Bibliografiset tiedot
Parent link:Творчество юных - шаг в успешное будущее.— 2015.— [С. 500-502]
Päätekijä: Шерстнева А. О.
Muut tekijät: Крапивский Е. И. (научный руководитель)
Yhteenveto:Заглавие с титульного экрана
Kieli:venäjä
Julkaistu: 2015
Sarja:Экологические проблемы при разведке, добыче и транспортировке углеводородного сырья
Aiheet:
Linkit:http://earchive.tpu.ru/handle/11683/15775
Aineistotyyppi: MixedMaterials Elektroninen Kirjan osa
KOHA link:https://koha.lib.tpu.ru/cgi-bin/koha/opac-detail.pl?biblionumber=617508

MARC

LEADER 00000naa2a2200000 4500
001 617508
005 20231101132949.0
035 |a (RuTPU)RU\TPU\conf\15821 
035 |a RU\TPU\conf\15820 
090 |a 617508 
100 |a 20160310d2015 k y0rusy50 ca 
101 0 |a rus 
102 |a RU 
105 |a y z 101zy 
135 |a drcn ---uucaa 
181 0 |a i  
182 0 |a b 
200 1 |a Обезвреживание и утилизация нефтешламов, образующихся при хранении и транспортировке нефти и нефтепродуктов  |f А. О. Шерстнева  |g науч. рук. Е. И. Крапивский 
203 |a Текст  |c электронный 
225 1 |a Экологические проблемы при разведке, добыче и транспортировке углеводородного сырья 
230 |a 1 компьютерный файл (pdf; 553 Кб) 
300 |a Заглавие с титульного экрана 
320 |a [Библиогр.: с. 501-502 (2 назв.)] 
463 0 |0 (RuTPU)RU\TPU\conf\15338  |t Творчество юных - шаг в успешное будущее  |o материалы VIII Всероссийской научной студенческой конференции с элементами научной школы имени профессора М. К. Коровина, г. Томск, 23-27 ноября 2015 г.  |f Национальный исследовательский Томский политехнический университет (ТПУ) ; под ред. А. Ю. Дмитриева  |v [С. 500-502]  |d 2015 
610 1 |a труды учёных ТПУ 
610 1 |a электронный ресурс 
610 1 |a обезвреживание 
610 1 |a утилизация 
610 1 |a нефтешламы 
610 1 |a транспортировка 
610 1 |a нефтепродукты 
610 1 |a нефть 
700 1 |a Шерстнева  |b А. О. 
702 1 |a Крапивский  |b Е. И.  |4 727 
801 2 |a RU  |b 63413507  |c 20180216  |g RCR 
856 4 |u http://earchive.tpu.ru/handle/11683/15775 
942 |c BK